[Event "Geraardsbergen op"]
[Site "Geraardsbergen"]
[Date "2003.08.14"]
[Round "2"]
[White "Van Leeuwen, Jan Matthijs"]
[Black "Cornelis, Eric"]
[Result "1/2-1/2"]
[WhiteElo "1619"]
[BlackElo "1824"]
[PlyCount "38"]
[EventDate "2003.08.??"]
[EventType "swiss"]
[EventRounds "7"]
[EventCountry "BEL"]
[SourceTitle "EXT 2005"]
[Source "ChessBase"]
[SourceDate "2004.11.15"]
[SourceVersion "1"]
[SourceVersionDate "2004.11.15"]
[SourceQuality "1"]

1. d4 Nf6 2. Nf3 g6 3. c3 Bg7 4. Nbd2 d5 5. e3 Nbd7 6. Bd3 0-0 7. 0-0 c5 8. Re1 b6 9. e4 dxe4 10. Nxe4 cxd4 11. Nxd4 Bb7 12. Nf3 Rc8 13. Bg5 Qc7 14. Qe2 Rfe8 15. Rad1 Nh5 16. Qd2 Nc5 17. Nxc5 Bxf3 18. gxf3 Qxc5 19. Qe3 Qc7 1/2-1/2